| 000 -LEADER |
| fixed length control field |
00646nam a22002177a 4500 |
| 001 - CONTROL NUMBER |
| control field |
1125 |
| 003 - CONTROL NUMBER IDENTIFIER |
| control field |
BD-DhUAP |
| 005 - DATE AND TIME OF LATEST TRANSACTION |
| control field |
20210109152523.0 |
| 008 - FIXED-LENGTH DATA ELEMENTS--GENERAL INFORMATION |
| fixed length control field |
210109s1994 ca a|||| |||| 00| 0 eng d |
| 020 ## - INTERNATIONAL STANDARD BOOK NUMBER |
| International Standard Book Number |
0969714424 |
| 040 ## - CATALOGING SOURCE |
| Original cataloging agency |
BD-DhUAP |
| Language of cataloging |
Eng |
| Transcribing agency |
BD-DhUAP |
| Modifying agency |
BD-DhUAP |
| 082 ## - DEWEY DECIMAL CLASSIFICATION NUMBER |
| Edition number |
23 |
| Classification number |
741 BAN |
| 100 ## - MAIN ENTRY--PERSONAL NAME |
| Personal name |
Banerji, Anupam. |
| 245 ## - TITLE STATEMENT |
| Title |
Between lines : |
| Remainder of title |
from doodles to composition / |
| Statement of responsibility, etc. |
Anupam Banerji and Michael Elmitt. |
| 260 ## - PUBLICATION, DISTRIBUTION, ETC. |
| Place of publication, distribution, etc. |
Waterloo, Ont. : |
| Name of publisher, distributor, etc. |
Escart Press, |
| Date of publication, distribution, etc. |
©1994. |
| 300 ## - PHYSICAL DESCRIPTION |
| Extent |
191 pages : |
| Other physical details |
illustrations ; |
| Dimensions |
21 cm. |
| 650 ## - SUBJECT ADDED ENTRY--TOPICAL TERM |
| Topical term or geographic name entry element |
Drawing. |
| 650 ## - SUBJECT ADDED ENTRY--TOPICAL TERM |
| Topical term or geographic name entry element |
Drawing |
| Form subdivision |
Technique. |
| 700 ## - ADDED ENTRY--PERSONAL NAME |
| Personal name |
Elmitt, Michael. |
| 942 ## - ADDED ENTRY ELEMENTS (KOHA) |
| Source of classification or shelving scheme |
|
| Koha item type |
Book |